[Event "2BLS 2223 SF Bad Mergentheim - SC Eppin"]
[Site "?"]
[Date "2022.11.26"]
[Round "3.2"]
[White "Rakotomaharo, Fy Antenaina"]
[Black "Noe, Christopher"]
[Result "0-1"]
[WhiteElo "2473"]
[BlackElo "2509"]
[PlyCount "116"]
[EventDate "2022.??.??"]

1. e4 c6 2. Nf3 d5 3. d3 Qc7 4. Nc3 dxe4 5. dxe4 e5 6. Bc4 b5 7. Bb3 h6 8. a4 b4 9. Ne2 Nf6 10. Ng3 Nbd7 11. Qe2 a5 12. Be3 Nc5 13. Bc4 Nb7 14. O-O-O Bc5 15. Nh4 O-O 16. Nhf5 Kh7 17. h4 Be6 18. h5 Bxe3+ 19. Nxe3 Nc5 20. b3 Rad8 21. f3 Bc8 22. Ngf5 Ne6 23. Bxe6 fxe6 24. Ng3 Rd4 25. Nc4 Ba6 26. Rxd4 exd4 27. e5 Bxc4 28. bxc4 Nd7 29. Qe4+ Kg8 30. f4 c5 31. Re1 Nb6 32. f5 Nxc4 33. fxe6 Ne3 34. Ne2 Qe7 35. Nf4 Qg5 36. e7 Qxe7 37. Kb1 Qh4 38. Rf1 Qg5 39. Rf3 Re8 40. Ng6 Qxh5 41. e6 Qh1+ 42. Ka2 b3+ 43. cxb3 Qxg2+ 44. Kb1 Qg4 45. Rf8+ Rxf8 46. Ne7+ Kh8 47. Ng6+ Kh7 48. Nxf8+ Kg8 49. Qxg4 Nxg4 50. Nd7 h5 51. Nxc5 h4 52. b4 h3 53. Ne4 h2 54. Ng3 axb4 55. Kc2 Ne5 56. a5 Nc6 57. Kd3 b3 58. a6 Kf8 0-1

[Event "2BLS 2223 SF Bad Mergentheim - SC Eppin"]
[Site "?"]
[Date "2022.11.26"]
[Round "3.3"]
[White "Hacker, Jonas"]
[Black "Ikonnikov, Vyacheslav"]
[Result "1/2-1/2"]
[WhiteElo "2462"]
[BlackElo "2490"]
[PlyCount "80"]
[EventDate "2022.??.??"]

1. e4 c5 2. Nf3 Nc6 3. Bb5 g6 4. O-O Bg7 5. c3 Nf6 6. Re1 O-O 7. d4 Qb6 8. Bxc6 dxc6 9. h3 Be6 10. Qc2 cxd4 11. cxd4 Rad8 12. Be3 Qa5 13. Nc3 Ne8 14. Rad1 Nd6 15. Bg5 Rfe8 16. b3 Nb5 17. Nxb5 Qxb5 18. Qd2 Qa6 19. Bh6 Bh8 20. Re3 Rd7 21. Rd3 Red8 22. a4 f6 23. Qe3 Bg7 24. Bxg7 Kxg7 25. Qd2 Qb6 26. Qc3 a5 27. Qd2 Qb4 28. Qe3 Qb6 29. g4 Qc7 30. Kg2 g5 31. Ng1 h5 32. f3 hxg4 33. fxg4 Bf7 34. Ne2 Bg6 35. Ng3 c5 36. dxc5 Rxd3 37. Rxd3 Rxd3 38. Qxd3 Qxc5 39. Nf5+ Bxf5 40. exf5 Kf7 1/2-1/2

[Event "2BLS 2223 SF Bad Mergentheim - SC Eppin"]
[Site "?"]
[Date "2022.11.26"]
[Round "3.4"]
[White "Neuman, Petr"]
[Black "Medvegy, Zoltan"]
[Result "1/2-1/2"]
[WhiteElo "2392"]
[BlackElo "2525"]
[PlyCount "76"]
[EventDate "2022.??.??"]

1. c4 c5 2. g3 g6 3. Bg2 Bg7 4. Nc3 Nc6 5. e4 Nf6 6. Nge2 O-O 7. d3 d6 8. O-O Rb8 9. h3 a6 10. f4 Ne8 11. Be3 b5 12. Qd2 Nd4 13. cxb5 axb5 14. Bxd4 cxd4 15. Nd5 Bb7 16. Rfc1 e6 17. Nb4 Qb6 18. Kh2 Nf6 19. Rc2 Nd7 20. Rac1 Rfc8 21. Rxc8+ Rxc8 22. Rxc8+ Bxc8 23. Ng1 Qc5 24. Nf3 Bh6 25. a3 e5 26. Nd5 Bb7 27. b4 Qa7 28. Qa2 exf4 29. Nxf4 Bg7 30. Qc2 Qb6 31. Nd5 Bxd5 32. Qc8+ Nf8 33. exd5 Qa7 34. Qe8 Qd7 35. Qe4 Qa7 36. Qe8 Qd7 37. Qe4 Qa7 38. Qe8 Qd7 1/2-1/2

[Event "2BLS 2223 SF Bad Mergentheim - SC Eppin"]
[Site "?"]
[Date "2022.11.26"]
[Round "3.5"]
[White "Guliyev, Namig"]
[Black "Vlasak, Lukas"]
[Result "1/2-1/2"]
[WhiteElo "2536"]
[BlackElo "2444"]
[PlyCount "68"]
[EventDate "2022.??.??"]

1. e4 c5 2. Nf3 d6 3. d4 cxd4 4. Nxd4 Nf6 5. Nc3 Nc6 6. Be2 e5 7. Nf3 h6 8. O-O Be7 9. Re1 O-O 10. Bf1 Bg4 11. h3 Bh5 12. Bc4 Na5 13. Bd5 Rc8 14. g4 Bg6 15. Qd3 Nc6 16. a3 Nxd5 17. Nxd5 Qd7 18. Be3 h5 19. Nh2 Rfd8 20. Re2 b6 21. c4 Bf8 22. f3 Ne7 23. Nc3 hxg4 24. hxg4 Qb7 25. a4 Qa6 26. Rd2 Qxc4 27. Qxc4 Rxc4 28. a5 f6 29. axb6 axb6 30. Nf1 Rb4 31. Ra6 Rb8 32. Bf2 Bf7 33. Rxd6 Rxb2 34. Rdxb6 R2xb6 1/2-1/2

[Event "2BLS 2223 SF Bad Mergentheim - SC Eppin"]
[Site "?"]
[Date "2022.11.26"]
[Round "3.6"]
[White "Razafindratsima, Timothe"]
[Black "Juhasz, Armin"]
[Result "0-1"]
[WhiteElo "2453"]
[BlackElo "2389"]
[PlyCount "138"]
[EventDate "2022.??.??"]

1. e4 c6 2. d4 d5 3. e5 Bf5 4. h4 h5 5. c4 e6 6. Nc3 dxc4 7. Bxc4 Nd7 8. Be3 Be7 9. Nf3 Bg4 10. Qd2 Bxf3 11. gxf3 Nb6 12. Bb3 Nh6 13. Bxh6 Rxh6 14. O-O-O a5 15. Rhg1 Bf8 16. a4 Rh8 17. f4 g6 18. Ne4 Be7 19. Kb1 Nd5 20. Rg3 Ra6 21. Bc4 Rb6 22. Rb3 Rxb3 23. Bxb3 Bb4 24. Qe2 Be7 25. Qf3 Qd7 26. Qg3 Qd8 27. Qf3 Qd7 28. Rh1 Qd8 29. Rc1 Nb4 30. Qe3 Nd5 31. Bxd5 Qxd5 32. Rc5 Qd8 33. Rc3 Kf8 34. Rb3 Qd7 35. Nf6 Qc7 36. d5 exd5 37. Qa7 Qc8 38. Rxb7 Qf5+ 39. Ka2 Qxf4 40. Qxa5 Qc4+ 41. Rb3 Kg7 42. Nd7 Qxh4 43. e6 fxe6 44. Ne5 Rf8 45. Nxc6 Rf4 46. Qc3+ Bf6 47. Rb7+ Kh6 48. Qd2 Bg5 49. Qc3 Rxa4+ 50. Kb3 Bf6 51. Qe3+ Qf4 52. Rf7 Kg5 53. Ne5 Rb4+ 54. Ka3 Ra4+ 55. Kb3 Re4 56. Qxf4+ Rxf4 57. Nd3 Rf3 58. Kc2 e5 59. b4 e4 60. Nc5 Rxf2+ 61. Kd1 e3 62. b5 e2+ 63. Ke1 Bc3+ 64. Kxf2 e1=Q+ 65. Kg2 Qe2+ 66. Kh1 Bd4 67. b6 Bxc5 68. b7 Bd6 69. Kg1 h4 0-1

[Event "2BLS 2223 SF Bad Mergentheim - SC Eppin"]
[Site "?"]
[Date "2022.11.26"]
[Round "3.7"]
[White "Gibicar, Danijel"]
[Black "Gasthofer, Alexander"]
[Result "1/2-1/2"]
[WhiteElo "2301"]
[BlackElo "2408"]
[PlyCount "32"]
[EventDate "2022.??.??"]

1. e4 e6 2. d4 d5 3. Nc3 Bb4 4. e5 Ne7 5. a3 Bxc3+ 6. bxc3 c5 7. Nf3 Qa5 8. Bd2 Qa4 9. Qb1 c4 10. h4 Nbc6 11. h5 h6 12. Be2 Bd7 13. O-O O-O-O 14. Re1 Rdg8 15. Nh2 Nf5 16. Ra2 b6 1/2-1/2

[Event "2BLS 2223 SF Bad Mergentheim - SC Eppin"]
[Site "?"]
[Date "2022.11.26"]
[Round "3.8"]
[White "Raps, Johannes"]
[Black "Cofmann, Veaceslav"]
[Result "0-1"]
[WhiteElo "2115"]
[BlackElo "2211"]
[PlyCount "46"]
[EventDate "2022.??.??"]

1. e4 e6 2. d4 d5 3. exd5 exd5 4. Bd3 Nf6 5. Nf3 Bd6 6. O-O O-O 7. Bg5 Bg4 8. Nbd2 Nbd7 9. Re1 c5 10. dxc5 Nxc5 11. Be2 Ne6 12. Bh4 Nf4 13. Bf1 Ng6 14. Bg3 Bc5 15. Nb3 Bb6 16. Qd3 Ne4 17. Nfd4 Qf6 18. c3 h5 19. f3 Nxg3 20. fxg4 Ne4 21. Be2 Qf2+ 22. Kh1 Qxe1+ 23. Rxe1 Nf2+ 0-1

[Event "2BLS 2223 OSG Baden-Baden II - SV 1920 "]
[Site "?"]
[Date "2022.11.26"]
[Round "3.1"]
[White "Bernadskiy, Vitaliy"]
[Black "Martin, Julian"]
[Result "1-0"]
[WhiteElo "2615"]
[BlackElo "2396"]
[PlyCount "109"]
[EventDate "2022.??.??"]

1. c4 Nf6 2. Nf3 e6 3. g3 d5 4. Bg2 d4 5. O-O c5 6. e3 Nc6 7. exd4 cxd4 8. d3 Bd6 9. a3 a5 10. Bg5 h6 11. Bxf6 Qxf6 12. Nbd2 Qe7 13. Re1 O-O 14. Nh4 Rd8 15. Nf5 Qf8 16. Nxd6 Qxd6 17. Ne4 Qf8 18. c5 Bd7 19. Rc1 Rab8 20. Qb3 Ne7 21. Nd6 Bc6 22. Nc4 a4 23. Qd1 Nd5 24. Ne5 Bb5 25. Qd2 Rbc8 26. Qa5 Qe8 27. Bh3 Rc7 28. Bg2 Ra8 29. Qd2 Qd8 30. Rc2 Rac8 31. Qa5 Be8 32. Rc4 Ra8 33. Qd2 Rac8 34. Rec1 Bb5 35. R4c2 Be8 36. h4 Qf6 37. Ng4 Qd8 38. Rc4 Nf6 39. Nxf6+ Qxf6 40. Qb4 Qe5 41. Qb6 Bc6 42. Bxc6 Rxc6 43. Qxb7 Rxc5 44. Qxc8+ Rxc8 45. Rxc8+ Kh7 46. R1c7 Kg6 47. Rd7 Qe1+ 48. Kg2 e5 49. Re8 Qa5 50. Ree7 Qb5 51. Rxf7 Qxd3 52. h5+ Kg5 53. Rde7 Qe4+ 54. Kh2 g6 55. Rxe5+ 1-0

[Event "2BLS 2223 OSG Baden-Baden II - SV 1920 "]
[Site "?"]
[Date "2022.11.26"]
[Round "3.2"]
[White "Bellahcene, Bilel"]
[Black "Sumets, Andrey"]
[Result "1/2-1/2"]
[WhiteElo "2484"]
[BlackElo "2504"]
[PlyCount "37"]
[EventDate "2022.??.??"]

1. e4 e6 2. d4 d5 3. Nc3 Nf6 4. e5 Nfd7 5. f4 c5 6. Nf3 Nc6 7. Be3 a6 8. a3 cxd4 9. Nxd4 Bc5 10. Qd2 O-O 11. O-O-O Rb8 12. h4 Bxd4 13. Bxd4 b5 14. Rh3 Nxd4 15. Qxd4 Qe7 16. Qb4 Qd8 17. Qd4 Qe7 18. Qb4 Qd8 19. Qd4 1/2-1/2

[Event "2BLS 2223 OSG Baden-Baden II - SV 1920 "]
[Site "?"]
[Date "2022.11.26"]
[Round "3.3"]
[White "Shneider, Aleksandr"]
[Black "Halkias, Stelios"]
[Result "1/2-1/2"]
[WhiteElo "2504"]
[BlackElo "2506"]
[PlyCount "51"]
[EventDate "2022.??.??"]

1. d4 Nf6 2. c4 e6 3. Nf3 d5 4. Nc3 c5 5. cxd5 exd5 6. g3 Nc6 7. Bg2 cxd4 8. Nxd4 Bc5 9. Nb3 Bb6 10. O-O d4 11. Na4 O-O 12. Bg5 Re8 13. Nxb6 axb6 14. Re1 h6 15. Bxc6 bxc6 16. Bxf6 Qxf6 17. Qxd4 Qd8 18. Qxd8 Rxd8 19. Red1 Rxd1+ 20. Rxd1 Be6 21. Nc1 Bxa2 22. Nxa2 Rxa2 23. Rd8+ Kh7 24. Rd6 Rxb2 25. Rxc6 Rxe2 26. Rxb6 1/2-1/2

[Event "2BLS 2223 OSG Baden-Baden II - SV 1920 "]
[Site "?"]
[Date "2022.11.26"]
[Round "3.4"]
[White "Schmider, Niklas"]
[Black "Ginsburg, Gennadi"]
[Result "1/2-1/2"]
[WhiteElo "2396"]
[BlackElo "2394"]
[PlyCount "46"]
[EventDate "2022.??.??"]

1. Nf3 c5 2. c4 e6 3. g3 b6 4. Bg2 Bb7 5. Nc3 Nf6 6. O-O Be7 7. d4 cxd4 8. Qxd4 O-O 9. Rd1 Nc6 10. Qf4 d6 11. b3 Qb8 12. Bb2 Rd8 13. Rac1 h6 14. h4 a6 15. Ne4 Nxe4 16. Qxe4 Ne5 17. Qd4 Bf6 18. Nxe5 Bxg2 19. Kxg2 Bxe5 20. Qd2 d5 21. Bxe5 Qxe5 22. Qd3 a5 23. cxd5 Rxd5 1/2-1/2

[Event "2BLS 2223 OSG Baden-Baden II - SV 1920 "]
[Site "?"]
[Date "2022.11.26"]
[Round "3.5"]
[White "Gurevich, Vladimir"]
[Black "Breder, Dennis"]
[Result "1/2-1/2"]
[WhiteElo "2456"]
[BlackElo "2424"]
[PlyCount "27"]
[EventDate "2022.??.??"]

1. e4 c5 2. Nf3 Nc6 3. d4 cxd4 4. Nxd4 e5 5. Nb5 d6 6. c4 Be7 7. N1c3 a6 8. Na3 Be6 9. Bd3 Bg5 10. Nc2 Bxc1 11. Rxc1 Qb6 12. Qd2 Nf6 13. O-O O-O 14. Rfd1 1/2-1/2

[Event "2BLS 2223 OSG Baden-Baden II - SV 1920 "]
[Site "?"]
[Date "2022.11.26"]
[Round "3.6"]
[White "Riff, Jean-Noel"]
[Black "Womacka, Mathias"]
[Result "1/2-1/2"]
[WhiteElo "2433"]
[BlackElo "2413"]
[PlyCount "27"]
[EventDate "2022.??.??"]

1. e4 c5 2. Nf3 d6 3. Bb5+ Nd7 4. a4 Ngf6 5. Nc3 e6 6. O-O Be7 7. d4 cxd4 8. Qxd4 O-O 9. Rd1 Qc7 10. Bg5 Rd8 11. Bh4 Ne5 12. Nxe5 dxe5 13. Qe3 a6 14. Rxd8+ 1/2-1/2

[Event "2BLS 2223 OSG Baden-Baden II - SV 1920 "]
[Site "?"]
[Date "2022.11.26"]
[Round "3.7"]
[White "Zude, Arno"]
[Black "Trifan, Andrei Ioan"]
[Result "1/2-1/2"]
[WhiteElo "2374"]
[BlackElo "2296"]
[PlyCount "115"]
[EventDate "2022.??.??"]

1. e4 e5 2. Nf3 Nc6 3. Bc4 Bc5 4. c3 Nf6 5. d3 d6 6. O-O a6 7. a4 h6 8. Re1 Ba7 9. Nbd2 O-O 10. h3 Be6 11. Bxe6 fxe6 12. b4 Nh5 13. Nf1 Qf6 14. Ra2 Nf4 15. Bxf4 Qxf4 16. Qb3 Qf7 17. a5 Ne7 18. N1h2 Ng6 19. g3 c6 20. Kg2 Rad8 21. Rb1 d5 22. Qc2 Qc7 23. Qe2 Rf7 24. h4 Rdf8 25. Rbb2 Bb8 26. Qe1 d4 27. c4 Rc8 28. c5 Qe7 29. Qc1 Qf6 30. h5 Nf8 31. Nh4 g5 32. hxg6 Nxg6 33. Nxg6 Qxg6 34. Qd1 Rg7 35. Nf3 Rf8 36. Nh4 Qg5 37. Qh1 Bc7 38. Qh3 Qf6 39. Rb1 Bd8 40. Rh1 Qf7 41. Kg1 Bg5 42. Ng2 Rg6 43. Qh5 Qf6 44. Nh4 Rg7 45. Kg2 Rff7 46. Nf3 Bf4 47. Nh2 Bg5 48. Qe2 Bf4 49. Nf3 Kf8 50. Raa1 Ke8 51. Rh3 Kd7 52. Rah1 Kc7 53. Ne1 Rf8 54. Nc2 Rfg8 55. Na3 Bg5 56. Nc4 Rf8 57. Rh5 Kb8 58. Rf1 1/2-1/2

[Event "2BLS 2223 OSG Baden-Baden II - SV 1920 "]
[Site "?"]
[Date "2022.11.26"]
[Round "3.8"]
[White "Schmaltz, Roland"]
[Black "Weber, Ulrich"]
[Result "1/2-1/2"]
[WhiteElo "2455"]
[BlackElo "2344"]
[PlyCount "90"]
[EventDate "2022.??.??"]

1. e4 c5 2. Nf3 d6 3. d4 cxd4 4. Nxd4 Nf6 5. Nc3 a6 6. f3 e5 7. Nb3 Be6 8. Be3 h5 9. Qd2 Nbd7 10. a4 Qc7 11. Be2 Be7 12. O-O O-O 13. a5 Rac8 14. Rfc1 Qc6 15. Rd1 Rfd8 16. Rac1 Nc5 17. Nd5 Bxd5 18. exd5 Qc7 19. Na1 e4 20. f4 Ng4 21. Bxg4 hxg4 22. b4 Na4 23. c4 Bf6 24. Bd4 Bxd4+ 25. Qxd4 b5 26. axb6 Qxb6 27. Qxb6 Nxb6 28. Rd4 Re8 29. Kf2 Na4 30. Rc2 a5 31. bxa5 Nc5 32. Ke3 Ra8 33. Ra2 f5 34. Rdd2 Reb8 35. Ra3 Rb4 36. Rc2 Rb1 37. Rca2 Re1+ 38. Kf2 Rd1 39. Nb3 Nd3+ 40. Kg3 Nb4 41. Rd2 Rxd2 42. Nxd2 Re8 43. Re3 Nc2 44. Re2 Nd4 45. Re3 Nc2 1/2-1/2

[Event "2BLS 2223 SC Ötigheim - SF Heidesheim"]
[Site "?"]
[Date "2022.11.26"]
[Round "3.1"]
[White "Perske, Thore"]
[Black "Bauer, Christian"]
[Result "1/2-1/2"]
[WhiteElo "2437"]
[BlackElo "2615"]
[PlyCount "112"]
[EventDate "2022.??.??"]

1. e4 c6 2. d4 d5 3. Nc3 dxe4 4. Nxe4 Nf6 5. Nxf6+ exf6 6. Nf3 Bd6 7. Bd3 O-O 8. O-O Na6 9. c3 Bg4 10. h3 Bh5 11. Re1 Nc7 12. Bf5 Re8 13. Rxe8+ Qxe8 14. Bd2 Nd5 15. g4 Bg6 16. Nh4 Ne7 17. Nxg6 Nxf5 18. gxf5 hxg6 19. fxg6 fxg6 20. Qb3+ Qf7 21. Qxf7+ Kxf7 22. Re1 g5 23. Kg2 Rd8 24. Kf3 Kg6 25. a4 Kf5 26. Re2 a6 27. Re1 Rh8 28. Kg2 g4 29. hxg4+ Kxg4 30. Re6 Rd8 31. Re4+ Kf5 32. Rh4 b5 33. axb5 axb5 34. Rh7 g5 35. Kf3 Re8 36. Rd7 g4+ 37. Kg2 Re6 38. Kf1 Ke4 39. Ke2 f5 40. Rg7 Bf4 41. Be3 Bh6 42. Bxh6 Rxh6 43. Re7+ Kf4 44. Re3 Rh1 45. Rd3 Rh3 46. Rd1 Ke4 47. d5 cxd5 48. Rd4+ Ke5 49. Rb4 f4 50. Rxb5 Rh1 51. Rb8 f3+ 52. Ke3 Re1+ 53. Kd3 Rf1 54. Ke3 Re1+ 55. Kd3 Rf1 56. Ke3 Re1+ 1/2-1/2

[Event "2BLS 2223 SC Ötigheim - SF Heidesheim"]
[Site "?"]
[Date "2022.11.26"]
[Round "3.2"]
[White "Van den Doel, Erik"]
[Black "Carow, Johannes"]
[Result "1-0"]
[WhiteElo "2577"]
[BlackElo "2446"]
[PlyCount "85"]
[EventDate "2022.??.??"]

1. d4 d5 2. Nf3 Nf6 3. Bf4 c5 4. e3 Nc6 5. Nbd2 Qb6 6. dxc5 Qxb2 7. Rb1 Qc3 8. Bb5 e6 9. O-O Be7 10. e4 O-O 11. e5 Nd7 12. Nb3 Qb4 13. Nbd4 Qxc5 14. Re1 Na5 15. Bd3 Nc4 16. h4 Qc7 17. Ng5 h6 18. Ngxe6 fxe6 19. Nxe6 Qc6 20. Qg4 Rf7 21. Bg6 Nf8 22. Bxf7+ Kxf7 23. Qxg7+ Kxe6 24. Bxh6 Kd7 25. Bg5 Qe6 26. Rb3 Ng6 27. f4 Kc6 28. f5 Qxf5 29. Bxe7 Ngxe5 30. Rf1 Qg4 31. Bg5 Bd7 32. Qh6+ Kc7 33. Qg7 Re8 34. Rg3 Qe4 35. h5 Ng4 36. h6 Nce3 37. h7 Nf5 38. Qc3+ Bc6 39. Bf4+ Kd7 40. Rxg4 Nd4 41. Rg7+ Kd8 42. Qa5+ b6 43. Bg5+ 1-0

[Event "2BLS 2223 SC Ötigheim - SF Heidesheim"]
[Site "?"]
[Date "2022.11.26"]
[Round "3.3"]
[White "Wilhelm, Till"]
[Black "Lai, Hing Ting"]
[Result "1/2-1/2"]
[WhiteElo "2348"]
[BlackElo "2480"]
[PlyCount "98"]
[EventDate "2022.??.??"]

1. d4 Nf6 2. c4 e6 3. Nf3 b6 4. g3 Ba6 5. Nbd2 d5 6. Bg2 Bd6 7. b3 O-O 8. O-O c5 9. Bb2 Nc6 10. Re1 Be7 11. dxc5 Bxc5 12. cxd5 exd5 13. a3 Qe7 14. e3 Bd6 15. e4 Nxe4 16. Nxe4 dxe4 17. Nd4 Nxd4 18. Qxd4 f5 19. Rad1 Rad8 20. Qa4 Bc8 21. b4 Be6 22. Bf1 h5 23. Qc2 Kh7 24. Qe2 Qf7 25. Rd4 Be7 26. f3 Qg6 27. fxe4 f4 28. Rxd8 Bxd8 29. Qg2 f3 30. Qf2 h4 31. Re3 Qh5 32. Be2 Bg4 33. Bf1 Bg5 34. Rc3 Qh6 35. Rd3 Rh8 36. h3 Kg8 37. gxh4 Bxh4 38. Qh2 Qg6 39. Kh1 f2 40. Qg2 Bh5 41. Rd6 Qxg2+ 42. Kxg2 Kh7 43. Rd7 Rf8 44. Be5 Bg6 45. Bxg7 Rd8 46. Rxd8 Bxe4+ 47. Kh2 Bxd8 48. Be5 Bg5 49. Kg3 Be3 1/2-1/2

[Event "2BLS 2223 SC Ötigheim - SF Heidesheim"]
[Site "?"]
[Date "2022.11.26"]
[Round "3.4"]
[White "Laurent-Paoli, Pierre"]
[Black "Hinrichs, Paul"]
[Result "1-0"]
[WhiteElo "2490"]
[BlackElo "2172"]
[PlyCount "61"]
[EventDate "2022.??.??"]

1. Nf3 d5 2. g3 Nd7 3. d4 b5 4. Bg2 e6 5. O-O Ngf6 6. a4 b4 7. c4 bxc3 8. Nxc3 Be7 9. Bf4 Nh5 10. Bd2 Nhf6 11. Qc2 Bb7 12. a5 Rc8 13. Nb5 c5 14. a6 cxd4 15. Qd1 Ba8 16. Ba5 Nb6 17. Nxa7 Rc5 18. b4 Rc4 19. Ne5 Qb8 20. Nxc4 Nxc4 21. Qa4+ Nd7 22. Nc6 Qd6 23. Nxe7 Kxe7 24. b5 Kf6 25. Rfb1 Rb8 26. b6 Ndxb6 27. a7 Rb7 28. Bxb6 Rxb6 29. Qe8 Rxb1+ 30. Rxb1 Nd2 31. Rd1 1-0

[Event "2BLS 2223 SC Ötigheim - SF Heidesheim"]
[Site "?"]
[Date "2022.11.26"]
[Round "3.5"]
[White "Foerster, Erik"]
[Black "Grigoriants, Sergey"]
[Result "1/2-1/2"]
[WhiteElo "2175"]
[BlackElo "2550"]
[PlyCount "38"]
[EventDate "2022.??.??"]

1. Nf3 c5 2. g3 b6 3. Bg2 Bb7 4. c4 Nf6 5. O-O g6 6. b3 Bg7 7. Bb2 O-O 8. Nc3 d6 9. d4 e6 10. dxc5 bxc5 11. Qd2 Qe7 12. Rfd1 Rd8 13. e3 Nc6 14. Rac1 Rab8 15. h3 h5 16. Ng5 Ne8 17. Nf3 Nf6 18. Ng5 Ne8 19. Nf3 Nf6 1/2-1/2

[Event "2BLS 2223 SC Ötigheim - SF Heidesheim"]
[Site "?"]
[Date "2022.11.26"]
[Round "3.6"]
[White "Georgiev, Kiril"]
[Black "Lantzsch, Christian"]
[Result "1-0"]
[WhiteElo "2543"]
[BlackElo "2160"]
[PlyCount "103"]
[EventDate "2022.??.??"]

1. d4 d5 2. Bf4 Nf6 3. e3 c5 4. Nf3 Qb6 5. Nc3 a6 6. dxc5 Qxc5 7. Bd3 Bg4 8. h3 Bxf3 9. Qxf3 Nbd7 10. e4 e5 11. Bg3 d4 12. Ne2 Qa5+ 13. c3 dxc3 14. bxc3 Ba3 15. Rb1 b5 16. O-O Rc8 17. Bc2 O-O 18. Rfd1 Be7 19. Bb3 Qc7 20. a4 bxa4 21. Bxa4 Nc5 22. Bc2 Rfd8 23. Nd4 g6 24. Bh2 Nh5 25. Nf5 gxf5 26. Qxh5 f4 27. Rd5 Ne6 28. Bb3 Qxc3 29. Rxd8+ Nxd8 30. Kh1 Bf6 31. Bd5 a5 32. g3 f3 33. g4 Bg7 34. Bg3 Ne6 35. Qf5 Nd8 36. Kh2 Qc7 37. Rb3 Rb8 38. Rxf3 Rb1 39. Qg5 h6 40. Qd2 Qc1 41. Qxc1 Rxc1 42. Rb3 Bf6 43. Rb6 Kg7 44. Ra6 Ra1 45. h4 Ne6 46. Bxe6 fxe6 47. g5 hxg5 48. hxg5 Ra4 49. gxf6+ Kxf6 50. f3 Ra2+ 51. Kh3 a4 52. Ra5 1-0

[Event "2BLS 2223 SC Ötigheim - SF Heidesheim"]
[Site "?"]
[Date "2022.11.26"]
[Round "3.7"]
[White "Enzmann, Steffen"]
[Black "Kabos, Tobias"]
[Result "1/2-1/2"]
[WhiteElo "2142"]
[BlackElo "2329"]
[PlyCount "82"]
[EventDate "2022.??.??"]

1. Nf3 d5 2. g3 Nc6 3. Bg2 e5 4. O-O Nf6 5. c4 e4 6. Ng5 h6 7. cxd5 Qxd5 8. Nxe4 Nxe4 9. d3 Nxf2 10. Bxd5 Nxd1 11. Bxc6+ bxc6 12. Rxd1 Bc5+ 13. Kg2 O-O 14. Nc3 Re8 15. h3 Bb7 16. Bf4 Re7 17. g4 Bd4 18. e4 Rd8 19. Kf3 Red7 20. Rac1 Bb6 21. d4 Rxd4 22. Rxd4 Rxd4 23. Rd1 Rc4 24. Rd7 Ba5 25. Bxc7 Bxc3 26. bxc3 c5 27. Ba5 Bxe4+ 28. Kg3 a6 29. Rc7 Bd5 30. a3 Kh7 31. Kf2 Rf4+ 32. Ke2 c4 33. Bb6 Bg2 34. Bd4 Bxh3 35. Ke3 g5 36. Be5 Rf1 37. Ke2 Kg6 38. Rxc4 Ra1 39. Rc6+ Kh7 40. Kf3 Bf1 41. Rc7 Re1 1/2-1/2

[Event "2BLS 2223 SC Ötigheim - SF Heidesheim"]
[Site "?"]
[Date "2022.11.26"]
[Round "3.8"]
[White "Kuehn, Kolja"]
[Black "Perske, Paul"]
[Result "1/2-1/2"]
[WhiteElo "2124"]
[BlackElo "2043"]
[PlyCount "85"]
[EventDate "2022.??.??"]

1. e4 e5 2. Nf3 Nc6 3. Bc4 Bc5 4. c3 Nf6 5. d3 d6 6. a4 a6 7. Nbd2 Ba7 8. h3 h6 9. Bb3 Be6 10. Bc2 Ne7 11. d4 Ng6 12. Nf1 c6 13. Ng3 O-O 14. O-O Re8 15. Re1 Qc7 16. Be3 a5 17. Qd2 Kh7 18. Rad1 Rad8 19. Qc1 Bb8 20. Rd2 Qc8 21. Qd1 Bd7 22. Bd3 Kg8 23. Qc2 Nf4 24. Bf1 Nh7 25. Ne2 Ng5 26. Nxf4 Nxf3+ 27. gxf3 exf4 28. Bxf4 Bxh3 29. Kh2 Bxf1 30. Rxf1 Qe6 31. Bg3 Qg6 32. Qd3 f5 33. exf5 Qh5+ 34. Kg2 Rf8 35. Re1 Rd7 36. Rde2 Qxf5 37. Qxf5 Rxf5 38. Re8+ Rf8 39. R1e7 Rxe7 40. Rxe7 Rf7 41. Re8+ Kh7 42. Re6 Rd7 43. c4 1/2-1/2

[Event "2BLS 2223 Stuttgarter SF - SF Bad Merge"]
[Site "?"]
[Date "2022.11.27"]
[Round "4.1"]
[White "Kazakouski, Valery"]
[Black "Kvetny, Mark"]
[Result "1/2-1/2"]
[WhiteElo "2540"]
[BlackElo "2408"]
[PlyCount "72"]
[EventDate "2022.??.??"]

1. d4 Nf6 2. c4 g6 3. g3 Bg7 4. Bg2 c5 5. dxc5 Qa5+ 6. Bd2 Qxc5 7. Nc3 O-O 8. Rc1 d6 9. b3 Nc6 10. Nh3 Bxh3 11. Bxh3 d5 12. cxd5 Nxd5 13. Nb1 Qb6 14. O-O Rfd8 15. Rc4 Na5 16. Bxa5 Qxa5 17. Qc2 e6 18. a3 b5 19. b4 Qa6 20. Rc6 Rdc8 21. Rc1 Rxc6 22. Qxc6 Qxc6 23. Rxc6 a5 24. bxa5 Rxa5 25. Rc8+ Bf8 26. Bf1 Kg7 27. e3 Bxa3 28. Nxa3 Rxa3 29. Bxb5 Ra1+ 30. Kg2 Ra2 31. Kf3 g5 32. h3 h5 33. g4 hxg4+ 34. hxg4 Ne7 35. Rc5 Kf6 36. Bd3 Ng6 1/2-1/2

[Event "2BLS 2223 Stuttgarter SF - SF Bad Merge"]
[Site "?"]
[Date "2022.11.27"]
[Round "4.2"]
[White "Benkovic, Petar"]
[Black "Rakotomaharo, Fy Antenaina"]
[Result "1/2-1/2"]
[WhiteElo "2370"]
[BlackElo "2473"]
[PlyCount "52"]
[EventDate "2022.??.??"]

1. Nf3 d5 2. d4 Nf6 3. c4 e6 4. Nc3 dxc4 5. e3 a6 6. a4 b6 7. Bxc4 Bb7 8. O-O Nbd7 9. Qe2 Bb4 10. Na2 Be7 11. Rd1 O-O 12. b3 Qb8 13. Bb2 c5 14. dxc5 Nxc5 15. Nc3 Ng4 16. e4 Bf6 17. h3 Ne5 18. Nxe5 Bxe5 19. f3 Qc7 20. Rac1 Bh2+ 21. Kh1 Bf4 22. Rb1 Rfc8 23. Qf2 Bg3 24. Qe3 Bf4 25. Qf2 Bg3 26. Qe3 Bf4 1/2-1/2

[Event "2BLS 2223 Stuttgarter SF - SF Bad Merge"]
[Site "?"]
[Date "2022.11.27"]
[Round "4.3"]
[White "Ikonnikov, Vyacheslav"]
[Black "Neyman, Igor"]
[Result "1/2-1/2"]
[WhiteElo "2490"]
[BlackElo "2366"]
[PlyCount "136"]
[EventDate "2022.??.??"]

1. d4 Nf6 2. Nf3 e6 3. c4 d5 4. Nc3 c5 5. cxd5 Nxd5 6. e3 Be7 7. Bd3 O-O 8. O-O cxd4 9. exd4 Nxc3 10. bxc3 Nd7 11. c4 Re8 12. Bf4 Nf8 13. Rb1 Ng6 14. Bg3 Bd6 15. Bxd6 Qxd6 16. Bxg6 fxg6 17. Ne5 Rf8 18. c5 Qd5 19. Qa4 Rd8 20. Rfd1 Bd7 21. Qb3 Bc6 22. f3 Qxb3 23. axb3 Bd5 24. b4 a5 25. bxa5 Rxa5 26. h4 Ra4 27. Kf2 Ra2+ 28. Kg3 Ra7 29. Kf4 Ra2 30. Kg3 Ra4 31. Ra1 Rda8 32. Rxa4 Rxa4 33. Kf4 Ra7 34. g4 Kf8 35. Rb1 Ra4 36. Ke3 Ra3+ 37. Kf2 Ra2+ 38. Kg3 Ke8 39. Rb4 Kd8 40. Rb6 Re2 41. Kf4 Ke8 42. Rd6 Re1 43. Kg3 Re2 44. g5 Re1 45. Kf2 Rh1 46. Rd7 Rxh4 47. Rxg7 Rh5 48. Rg8+ Ke7 49. Rh8 Rxg5 50. Rxh7+ Kf8 51. Nd7+ Ke8 52. Ke3 Rf5 53. f4 Bc6 54. Ne5 g5 55. fxg5 Rxg5 56. Nc4 Kd8 57. Nd6 Rd5 58. Nf7+ Kc8 59. Ne5 Rd8 60. Nxc6 bxc6 61. Re7 Rh8 62. Rxe6 Kd7 63. Rd6+ Kc7 64. Rf6 Rh7 65. Kd3 Kd7 66. Kc4 Rh1 67. Rf7+ Kc8 68. Kd3 Rg1 1/2-1/2

[Event "2BLS 2223 Stuttgarter SF - SF Bad Merge"]
[Site "?"]
[Date "2022.11.27"]
[Round "4.5"]
[White "Vlasak, Lukas"]
[Black "Keilhack, Harald"]
[Result "1-0"]
[WhiteElo "2444"]
[BlackElo "2238"]
[PlyCount "73"]
[EventDate "2022.??.??"]

1. e4 c5 2. Nf3 e6 3. d4 cxd4 4. Nxd4 Nf6 5. Nc3 d6 6. g4 h6 7. h4 Nc6 8. Rg1 d5 9. exd5 Nxd5 10. Nxd5 exd5 11. Qe2+ Be7 12. Be3 Kf8 13. O-O-O Bxh4 14. Kb1 Bf6 15. Bg2 Bxd4 16. Bxd4 Nxd4 17. Rxd4 Be6 18. Rgd1 Qe7 19. Qd2 g6 20. Bxd5 Kg7 21. a3 h5 22. Re1 Rad8 23. Bxe6 fxe6 24. gxh5 Qf6 25. Rd7+ Rxd7 26. Qxd7+ Qf7 27. Qxf7+ Kxf7 28. hxg6+ Kf6 29. g7 Rg8 30. Rg1 Rxg7 31. Rxg7 Kxg7 32. Kc1 Kf6 33. Kd2 Ke5 34. Ke3 a5 35. b3 b5 36. c4 bxc4 37. bxc4 1-0

[Event "2BLS 2223 Stuttgarter SF - SF Bad Merge"]
[Site "?"]
[Date "2022.11.27"]
[Round "4.6"]
[White "Fritsch, Rolf"]
[Black "Razafindratsima, Timothe"]
[Result "0-1"]
[WhiteElo "2183"]
[BlackElo "2453"]
[PlyCount "44"]
[EventDate "2022.??.??"]

1. c4 Nf6 2. g3 g6 3. Bg2 Bg7 4. Nc3 c6 5. e4 e5 6. Nge2 O-O 7. O-O d6 8. d3 Nbd7 9. h3 Nc5 10. Be3 Ne6 11. f4 exf4 12. gxf4 Nc7 13. Qe1 Nh5 14. Qf2 f5 15. Rad1 Ne6 16. exf5 Rxf5 17. Bf3 Nhxf4 18. Nxf4 Rxf4 19. Bxf4 Nxf4 20. Bd5+ Nxd5 21. Qf7+ Kh8 22. Rde1 Bxh3 0-1